Katalóg knižnice v prostredí webu pre deti

Enregistré dans:
Détails bibliographiques
Auteur principal: Žúrek, Adam (Auteur)
Autres auteurs: Gábrišová, Henrieta (Directeur de thèse)
Format: Manuscrit Livre
Langue:slovaque
Publié: 2019
Sujets:
Accès en ligne:http://is.stuba.sk/zp/portal_zp.pl?podrobnosti=124358
Tags: Ajouter un tag
Pas de tags, Soyez le premier à ajouter un tag!

MARC

LEADER 00000ntm a22000003a 4500
001 stuzp70359
003 SK-STU
005 20190903155330.9
007 ta
008 150427s2015----xo-----f-mn---000-0-slo-d
040 |a STU  |b slo 
041 0 |a slo 
044 |a xo 
100 1 |a Žúrek, Adam  |u 070200  |4 aut  |U FIIT Fakulta informatiky a informačných technológií  |T FIIT Ústav informatiky, informačných systémov a softvérového inžinierstva  |X 79829  |U I200  |Y 179  |7 79829 
242 0 1 |a Library Catalog in Children's Web Environment  |y eng 
245 1 0 |a Katalóg knižnice v prostredí webu pre deti 
260 |c 2019 
650 4 |a Knižnica  |2 slo 
650 4 |a Detský používateľ  |2 slo 
650 4 |a Knižničný katalóg  |2 slo 
650 4 |a Library Catalog  |2 eng 
650 4 |a Library  |2 eng 
650 4 |a Children´s user  |2 eng 
700 1 |a Gábrišová, Henrieta  |u 070680  |k Z7  |4 ths  |U FIIT Fakulta informatiky a informačných technológií  |T FIIT Slovenská informačná knižnica  |X 90742  |U 070680  |Y 273  |7 90742 
856 4 |u http://is.stuba.sk/zp/portal_zp.pl?podrobnosti=124358 
996 |c I*BAP134/19  |l II680  |s P  |a 0  |w stuzp70359_0001